000 00479nam a2200181Ia 4500
001 8424
005 20260306160608.0
008 260306t2000||||xx |||||||||||||| ||spa||
041 _aESP
082 _a370.985
_bL47
100 _aLeón Zamora, Eduardo
_eAUT
245 0 _aCultura escolar y ciudadanía :
_binvestigaciones etnográficas en Ayacucho y Lima
260 _c2000
300 _a424 páginas :
_c24 cm.
650 _aGEN
654 _aCED
942 _cLIB
_dJUS
_fJUS
_2ddc
_n
999 _c8424
_d8424